00485nam a22001577a 4500003000200000005001700002008004100019050002400060245008500084260007200169300002200241500001300263501002000276942001200296999001900308020230929082538.0230929b xxu||||| |||| 00| 0 eng d aRJ 506b.Se438 2022 aBoredom as predictor to anxiety of school varsity athletescSealtiel, Avegail C. aLas Pinas CitybSouthville International School and CollegescC2022 aviii, 64ppc28cm. aAnxiety. aSchool varsity. 2lcccTH c365425d365425